000 00461nam a2200181Ia 4500
001 3309
005 20260306145634.0
008 260306t2001||||xx |||||||||||||| ||spa||
041 _aESP
082 _aS 269
_bM85B
100 _aBenito Rodríguez, Jose Antonio
_eAUT
245 0 _aCrisol de lazos solidarios:
_bToribio Alfonso Mogrovejo
260 _c2001
300 _a275 páginas :
_c20 cm.
650 _aGEN
654 _aCHU
942 _cLIB
_dJUS
_fJUS
_2ddc
_n
999 _c3309
_d3309